000 00572nam a2200193Ia 4500
003 GCL
008 140319s9999 xx 000 0 ara d
040 _aGCL /
_cGCL
082 0 4 _aق
_b923.2
_bع ع
100 1 _aعلى امين
245 1 0 _aعبدالناصر وهؤلاء /
_cعلى امين
700 1 _aعلى امين(واخرون)
300 _a173
490 _aكتاب
_v0
650 0 4 _aالاحوال الثقافية
650 0 4 _aجمال عبدالناصر
650 0 4 _aمصر - تاريخ - العصر الحديث (1805 - 1956 )
942 _2ddc
_cBK
999 _c43276
_d43276